|
|
|
|
| LEADER |
00000cam a2200000 c 4500 |
| 001 |
1136139230 |
| 003 |
DE-627 |
| 005 |
20251225180423.0 |
| 007 |
tu |
| 008 |
980529s1964 xx ||||| 00| ||eng c |
| 035 |
|
|
|a (DE-627)1136139230
|
| 035 |
|
|
|a (DE-576)066139236
|
| 035 |
|
|
|a (DE-599)BSZ066139236
|
| 035 |
|
|
|a (OCoLC)00258972
|
| 040 |
|
|
|a DE-627
|b ger
|c DE-627
|e rakwb
|
| 041 |
|
|
|a eng
|
| 082 |
0 |
|
|a 301.243
|
| 084 |
|
|
|a 1
|2 ssgn
|
| 100 |
1 |
|
|0 (DE-588)10734873X
|0 (DE-627)545685400
|0 (DE-576)161282679
|4 aut
|a Halloran, James D.
|d 1927-2007
|
| 109 |
|
|
|a Halloran, James D. 1927-2007
|a Halloran, James Dermot 1927-2007
|a Halloran, J. D. 1927-2007
|a Halloran, James 1927-2007
|
| 245 |
1 |
4 |
|a The effects of mass communication
|b with special reference to television; a survey
|c by J. D. Halloran
|
| 264 |
|
1 |
|a Leicester
|b Leicester Univ. Pr.
|c 1964
|
| 300 |
|
|
|a 83 S.
|b Ill.
|
| 336 |
|
|
|a Text
|b txt
|2 rdacontent
|
| 337 |
|
|
|a ohne Hilfsmittel zu benutzen
|b n
|2 rdamedia
|
| 338 |
|
|
|a Band
|b nc
|2 rdacarrier
|
| 583 |
1 |
|
|a Archivierung prüfen
|c 20200919
|f DE-640
|z 2
|2 pdager
|
| 601 |
|
|
|a communicare
|
| 601 |
|
|
|a Special
|
| 787 |
0 |
8 |
|i Rezensiert in
|t [Rezension von: Halloran, J. D., The Effects of Mass Communication. With special Reference to Television]
|d 1967
|w (DE-627)1823460089
|
| 951 |
|
|
|a BO
|
| ELC |
|
|
|b 1
|
| ORI |
|
|
|a SA-MARC-ixtheo_oa001.raw
|
| REL |
|
|
|a 1
|
| SUB |
|
|
|a REL
|